000 00753nam a2200217Ia 4500
005 20250508163259.0
008 008 250505s9999 xx 000 0 eng d
037 _aTextual
040 _aFEDL
_beng
_cFEDL
041 _aeng
_2eng
084 _a379.94, UNE
_qFEDL
100 _aHughes Phillip
_9775037
245 0 _aInterface between education and state policy: Australia
245 0 _cUNESCO: Regional Office for Education in Asia and the Pacific (Bangkok)
260 _aBangkok, Thailand
_bUNESCO Regional Office for Education in Asia and the Pacific
_c1985
300 _a70p
490 _aEducation and policy; 2
700 _a Corson David Caldwell Brian
_9775038
942 _cTEXL
_h379.94, UNE
999 _c1381999
_d1381999